| 000 | 00391nam a2200157 a 4500 | ||
|---|---|---|---|
| 001 | 1990 | ||
| 005 | 20140414131927.0 | ||
| 008 | 040111s19uu xx 00 eng d | ||
| 050 |
_aER _bP91 1984 |
||
| 100 | _aSmith, Michael | ||
| 245 |
_aPrehistoric animals and fossils / _cMichael Smith. |
||
| 260 |
_bLadybird, _c1984. |
||
| 300 | _a50 p. ; cm. | ||
| 650 | _aFossils. | ||
| 999 |
_c112071 _d112071 |
||